000
00295 a2200121 4500
001
63586
082
_a
303.490905 KEN
090
_c
37580
_d
37580
100
_a
Kennedy Paul
245
_a
Preparing for the twenty-first Century
260
_a
London
_b
Fontana press
_c
1994
300
_a
428p
942
_a
NUST-CAE
_k
303.490905 KEN
999
_c
298659
_d
298659